000 00970cam a2200253 a 4500
003 OSt
005 20210131165659.0
008 070615t2007 ck rl 000 0 spa d
020 _a9789588297439
040 _aCO-JMCR
_cCO-JMCR
041 0 _aspa
082 0 4 _a324.9861 /
_bB273d
_221
100 1 _aBarreto Suárez, Omar Joaquín,
_eautor
_912911
245 1 0 _aDerecho electoral colombiano :
_bla actuación administrativa /
_cOmar Joaquín Barreto Suárez
260 _aBogotá :
_bEditorial Universidad del Rosario :
_bGrupo Editorial Ibáñez,
_cc2007
300 _a521 páginas ;
_c24 cm.
490 0 _aColección textos de jurisprudencia
504 _aBibliografía: páginas 509-521
505 0 _aLos derechos políticos -- La organización electoral -- El proceso electoral
650 2 4 _aDerecho electoral
_zColombia
_912912
650 2 4 _aElecciones
_xLegislación
_zColombia
_912913
650 2 4 _aSufragio
_xLegislación
_zColombia
_912914
942 _2ddc
_cBK
999 _c7076
_d7076